LIBRARY & INFORMATION CENTRE, KCAET, TAVANUR

ONLINE PUBLIC ACCESS CATALOGUE (OPAC)

Food processing operations modeling : Design and analysis (Record no. 15299)

MARC details
000 -LEADER
fixed length control field 00364nam a22001457a 4500
020 ## - INTERNATIONAL STANDARD BOOK NUMBER
ISBN 9781138034501
082 ## - DEWEY DECIMAL CLASSIFICATION NUMBER
Classification number 664.02
Item number JUN/FO
100 ## - MAIN ENTRY--AUTHOR NAME
Personal name JUN, SOOJIN
245 ## - TITLE STATEMENT
Title Food processing operations modeling : Design and analysis
250 ## - EDITION STATEMENT
Edition statement 2
260 ## - PUBLICATION, DISTRIBUTION, ETC. (IMPRINT)
Place of publication U.S.A
Name of publisher CRC Press
Year of publication 2017
300 ## - PHYSICAL DESCRIPTION
Number of Pages 355
700 ## - ADDED ENTRY--PERSONAL NAME
Personal name Irudayaraj, Joseph M.
942 ## - ADDED ENTRY ELEMENTS (KOHA)
Koha item type Books

No items available.

free website counter